000 00904nam a22002657a 4500
005 20240530110354.0
008 141229s2010 ua f b 000 0 ara d
017 _a17089
_bمصر . دار الكتب المصرية
020 _a9770526274
040 _aEG-CaGPL
041 0 _aara
082 0 4 _221
_a615.85156\
_bد ع
100 0 _aدينا مصطفى
245 1 2 _aالعلاج بالفن /
_cتاليف دينا مصطفى
250 _aط 1
260 _aالقاهرة :
_bمكتبة الانجلو المصرية ،
_c2010
300 _a304 ص ؛
_c19 سم
504 _aببليوجرافية : ص 281 - 293
650 0 4 _aالعلاج بالفن
650 0 4 _aالعلاج بالفن
_xالاطفال
650 0 4 _aالاطفال
_xامراض نفسية
650 0 4 _aالاطفال
_xالعناية الصحية
942 _2ddc
_cBK
999 _c60123
_d60123